| 000 | 01684nam a2200457 i 4500 | ||
|---|---|---|---|
| 001 | DIGUSTGIL0005 | ||
| 003 | NyNyDIG | ||
| 006 | m o d | ||
| 008 | 200612s2012 sp ob 000 0 spa d | ||
| 007 | cr ||||||||||| | ||
| 035 | _a(OCoLC)1158487353 | ||
| 040 |
_aDGITA _beng _erda _epn _cDGITA |
||
| 020 |
_a9788425225383 _qeBook _qePub |
||
| 020 |
_a8425225388 _qeBook _qePub |
||
| 020 | _z9788425224379 | ||
| 020 | _z8425224373 | ||
| 050 | 1 | 4 | _aNA2543.S6 ebook |
| 082 | 0 | 4 | _a720.103 |
| 100 | 1 |
_aMontaner, Josep Maria, _eauthor. |
|
| 245 | 1 | 0 |
_aArquitectura y política : _bensayos para mundos alternativos / _cJosep Maria Montaner, Zaida Muxí. |
| 264 | 1 |
_aBarcelona : _bGG, Editorial Gustavo Gili, _c[2012] |
|
| 300 | _a1 online resource. | ||
| 336 |
_atext _btxt _2rdacontent |
||
| 337 |
_acomputer _bc _2rdamedia |
||
| 338 |
_aonline resource _bcr _2rdacarrier |
||
| 347 |
_atext file _2rdaft |
||
| 347 | _bEPUB | ||
| 504 | _aIncludes bibliographical references. | ||
| 588 | 0 | _aOnline resource; title from ePub cover page (Digitalia, viewed June 12, 2020) | |
| 650 | 0 | _aArchitecture and society. | |
| 650 | 0 |
_aArchitecture _xPolitical aspects. |
|
| 650 | 0 |
_aCity planning _xSocial aspects. |
|
| 655 | 0 | _aElectronic books. | |
| 700 | 1 |
_aMuxi, Zaida, _eauthor. |
|
| 791 | 2 |
_aDigitalia (Firm), _edistributor. |
|
| 793 | 0 |
_gDigitalia eBook Collection: _aEditorial Gustavo Gili |
|
| 776 | 0 | 8 |
_iPrint version: _aMontaner, Josep Maria. _tArquitectura y política. _dBarcelona : GG, ©2011 _z9788425224379 _w(OCoLC)752062752 |
| 856 | 4 | 0 |
_3Digitalia Hispánica _uhttps://www.digitaliapublishing.com/a/41231/ |
| 910 | _aPremium collection: 2020 | ||
| 942 | _cRAA | ||
| 999 |
_c246287 _d246287 |
||